Skład Liverpoolu Sezon 23/24 - Statystyki

Ogólne statystyki
  • Ten quiz został rozwiązany 129 razy
  • Średni wynik to 15 z 26
Statystyki odpowiedzi
Pozycja Nazwisko % Poprawnych
Bramkarz Alisson
98%
Napastnik Salah
93%
Obrońca Van Dijk
91%
Obrońca Robertson
83%
Napastnik Nunez
80%
Obrońca Alexander-Arnold
79%
Pomocnik Mac Allister
72%
Napastnik Jota
71%
Napastnik Gakpo
69%
Obrońca Gomez
68%
Napastnik Diaz
67%
Obrońca Konaté
65%
Pomocnik Szoboszlai
63%
Bramkarz Kelleher
58%
Pomocnik Endo
54%
Obrońca Matip
52%
Obrońca Tsimikas
50%
Pomocnik Jones
48%
Pomocnik Elliott
45%
Pomocnik Gravenberch
45%
Pomocnik Thiago
40%
Bramkarz Adrián
36%
Obrońca Bradley
33%
Obrońca Quansah
29%
Pomocnik Bajcetic
28%
Napastnik Doak
22%
Nie znaleziono quizów pasujących do podanych kryteriów
Rozkład punktacji
Procent ludzi z każdym wynikiem
Percentyl według liczby udzielonych odpowiedzi
Twoja historia wyników
Nie rozwiązałeś tego quizu